[Event "Luxembourg-chT 9900"]
[Site "Luxembourg"]
[Date "2000.04.02"]
[Round "10"]
[White "Schammo, Jean"]
[Black "Geiben, Claude"]
[Result "1/2-1/2"]
[WhiteElo "2100"]
[BlackElo "2000"]
[PlyCount "52"]
[EventDate "1999.10.24"]
[EventType "team"]
[EventRounds "10"]
[EventCountry "LUX"]
[SourceTitle "EXT 2005"]
[Source "ChessBase"]
[SourceDate "2004.11.15"]
[SourceVersion "1"]
[SourceVersionDate "2004.11.15"]
[SourceQuality "1"]

1. c4 e6 2. Nf3 Nf6 3. Nc3 d5 4. e3 c5 5. cxd5 exd5 6. d4 cxd4 7. Nxd4 Nc6 8. Bb5 Bd7 9. 0-0 Bb4 10. Nce2 0-0 11. h3 Qb6 12. Bd3 Bc5 13. Nb3 Bd6 14. Bd2 Ne4 15. Nc3 Nf6 16. Na4 Qd8 17. Nac5 Bc8 18. Rc1 Qe7 19. Bb1 Ne4 20. Nxe4 dxe4 21. Rc4 f5 22. Rc1 Rf6 23. Bc3 Rg6 24. f4 Qh4 25. Kh1 a5 26. Be1 Qd8 1/2-1/2

[Event "Luxembourg-chT 9900"]
[Site "Luxembourg"]
[Date "2000.02.20"]
[Round "7"]
[White "Klein, Jean Paul"]
[Black "Geiben, Claude"]
[Result "0-1"]
[WhiteElo "1998"]
[BlackElo "2000"]
[PlyCount "64"]
[EventDate "1999.10.24"]
[EventType "team"]
[EventRounds "10"]
[EventCountry "LUX"]
[SourceTitle "EXT 2005"]
[Source "ChessBase"]
[SourceDate "2004.11.15"]
[SourceVersion "1"]
[SourceVersionDate "2004.11.15"]
[SourceQuality "1"]

1. c4 e6 2. Nc3 d5 3. d4 Nf6 4. Nf3 Nbd7 5. Bg5 c6 6. e3 Qa5 7. Bxf6 Nxf6 8. Qa4 Qxa4 9. Nxa4 dxc4 10. Rc1 b5 11. Nc5 Bxc5 12. dxc5 a5 13. Ne5 Nd7 14. Nxc6 e5 15. f4 exf4 16. exf4 0-0 17. a4 Re8+ 18. Kf2 Nxc5 19. axb5 Nd3+ 20. Bxd3 cxd3 21. Ne5 Bf5 22. Rcd1 Rac8 23. Rhe1 Rc2+ 24. Kf3 f6 25. Nxd3 Rxe1 26. Nxe1 Rxb2 27. Rd5 Be6 28. Rc5 a4 29. Nc2 a3 30. b6 Rxb6 31. Ra5 a2 32. Nd4 Bd5+ 0-1

[Event "Luxembourg-chT 9900"]
[Site "Luxembourg"]
[Date "2000.02.06"]
[Round "6"]
[White "Hansen, Herve"]
[Black "Geiben, Claude"]
[Result "1/2-1/2"]
[WhiteElo "1765"]
[BlackElo "2000"]
[PlyCount "65"]
[EventDate "1999.10.24"]
[EventType "team"]
[EventRounds "10"]
[EventCountry "LUX"]
[SourceTitle "EXT 2005"]
[Source "ChessBase"]
[SourceDate "2004.11.15"]
[SourceVersion "1"]
[SourceVersionDate "2004.11.15"]
[SourceQuality "1"]

1. e4 e6 2. d4 d5 3. Nc3 Nf6 4. Bg5 Be7 5. e5 Nfd7 6. Bxe7 Qxe7 7. f4 c5 8. Nf3 Nc6 9. dxc5 Qxc5 10. Bd3 Qe3+ 11. Ne2 Nc5 12. Qd2 Nxd3+ 13. cxd3 Qb6 14. d4 Bd7 15. 0-0 0-0 16. Rad1 Rac8 17. Ng3 Ne7 18. Nh4 Rc7 19. f5 exf5 20. Nhxf5 Nxf5 21. Nxf5 Bxf5 22. Rxf5 Rfc8 23. Rdf1 Rc2 24. Qf4 Qg6 25. g3 Rxb2 26. Rxf7 h6 27. Rf8+ Rxf8 28. Qxf8+ Kh7 29. Qf7 Rd2 30. Qxd5 Qd3 31. e6 Qxd4+ 32. Qxd4 Rxd4 33. Rf7 1/2-1/2

[Event "Luxembourg-chT 9900"]
[Site "Luxembourg"]
[Date "1999.11.21"]
[Round "3"]
[White "Geiben, Claude"]
[Black "Spartz, Gaston"]
[Result "1-0"]
[WhiteElo "2000"]
[BlackElo "1940"]
[PlyCount "77"]
[EventDate "1999.10.24"]
[EventType "team"]
[EventRounds "10"]
[EventCountry "LUX"]
[SourceTitle "EXT 2005"]
[Source "ChessBase"]
[SourceDate "2004.11.15"]
[SourceVersion "1"]
[SourceVersionDate "2004.11.15"]
[SourceQuality "1"]

1. e4 d6 2. b3 e5 3. Bb2 c5 4. Nf3 Nc6 5. Nc3 Nf6 6. Bb5 Bd7 7. 0-0 Be7 8. d3 0-0 9. Ne2 a6 10. Bxc6 Bxc6 11. Ng3 Bd7 12. Qd2 Bg4 13. Ne1 Nh5 14. f3 Bg5 15. Qf2 Nxg3 16. hxg3 Be6 17. f4 exf4 18. gxf4 Bf6 19. Bxf6 Qxf6 20. Rb1 b6 21. f5 Bd7 22. Qg3 Bc6 23. c4 Qd4+ 24. Kh1 f6 25. Rd1 Rad8 26. Rf4 Rfe8 27. Rg4 Rd7 28. Qf3 Rde7 29. Rh4 g6 30. fxg6 hxg6 31. Qg4 Rg7 32. Nf3 Qf2 33. Qh3 Qxa2 34. Rf1 g5 35. Rh6 Qe2 36. Nh2 Ree7 37. Rh8+ Kf7 38. Rxf6+ Kxf6 39. Qf5# 1-0

[Event "Luxembourg-chT 9900"]
[Site "Luxembourg"]
[Date "1999.11.07"]
[Round "2"]
[White "Geiben, Claude"]
[Black "Hartung, Jerry"]
[Result "0-1"]
[WhiteElo "2000"]
[BlackElo "2012"]
[PlyCount "70"]
[EventDate "1999.10.24"]
[EventType "team"]
[EventRounds "10"]
[EventCountry "LUX"]
[SourceTitle "EXT 2005"]
[Source "ChessBase"]
[SourceDate "2004.11.15"]
[SourceVersion "1"]
[SourceVersionDate "2004.11.15"]
[SourceQuality "1"]

1. e4 e5 2. Nf3 Nc6 3. Bb5 Bc5 4. d3 d6 5. c3 Bd7 6. 0-0 Nf6 7. Bg5 h6 8. Be3 Bb6 9. Nbd2 0-0 10. Bxb6 axb6 11. Re1 Qe8 12. Kh1 Ne7 13. Bxd7 Qxd7 14. Nf1 Ng6 15. Ne3 Ng4 16. Nxg4 Qxg4 17. Nd2 Qxd1 18. Rexd1 Nf4 19. Rf1 Nxd3 20. b3 f5 21. f3 fxe4 22. Nxe4 Ra3 23. Rfd1 Nc5 24. Ng3 Rfa8 25. Nf5 Nxb3 26. Rab1 Nc5 27. Ne7+ Kf7 28. Nd5 Ne6 29. Nxc7 Nxc7 30. Rxb6 Rxa2 31. Rxb7 R8a7 32. Rb8 Ra1 33. Rg1 Nd5 34. Rc8 Rxg1+ 35. Kxg1 Rc7 0-1

[Event "Luxembourg-chT 9899"]
[Site "Luxembourg"]
[Date "1998.11.22"]
[Round "4"]
[White "Simon, Bernard1111"]
[Black "Geiben, Claude"]
[Result "1/2-1/2"]
[WhiteElo "1985"]
[BlackElo "1945"]
[PlyCount "82"]
[EventDate "1998.10.08"]
[EventType "team"]
[EventRounds "10"]
[EventCountry "LUX"]
[SourceTitle "EXT 2005"]
[Source "ChessBase"]
[SourceDate "2004.11.15"]
[SourceVersion "1"]
[SourceVersionDate "2004.11.15"]
[SourceQuality "1"]

1. Nf3 e6 2. g3 d5 3. d4 Nf6 4. Bg2 g6 5. 0-0 Bg7 6. Bg5 0-0 7. Nbd2 h6 8. Bf4 Nc6 9. Nb3 Nh5 10. Bd2 Qd6 11. Qc1 g5 12. c4 Bd7 13. cxd5 exd5 14. e3 Bf5 15. Qd1 Nf6 16. Rc1 Ne4 17. Bc3 Rfe8 18. Nc5 Rab8 19. Nxe4 Bxe4 20. Nd2 Bg6 21. Qb3 Bd3 22. Rfe1 Rbd8 23. a3 Ba6 24. Qc2 Re7 25. Nb3 b6 26. Nd2 Bb7 27. b4 Rde8 28. Red1 a6 29. Qb3 Na7 30. Bb2 b5 31. Rc5 c6 32. Qc2 Nc8 33. Nb3 Nb6 34. Rc3 Nc4 35. Nc5 Bc8 36. Ra1 Qf6 37. Bc1 Bf5 38. Qd1 a5 39. Bd2 a4 40. Bf1 Nd6 41. Rac1 Rc8 1/2-1/2

[Event "Luxembourg-chT 9899"]
[Site "Luxembourg"]
[Date "1998.10.18"]
[Round "1"]
[White "Kries, Yvon"]
[Black "Geiben, Claude"]
[Result "0-1"]
[WhiteElo "1750"]
[BlackElo "1945"]
[PlyCount "94"]
[EventDate "1998.10.08"]
[EventType "team"]
[EventRounds "10"]
[EventCountry "LUX"]
[SourceTitle "EXT 2005"]
[Source "ChessBase"]
[SourceDate "2004.11.15"]
[SourceVersion "1"]
[SourceVersionDate "2004.11.15"]
[SourceQuality "1"]

1. c4 e6 2. Nc3 Nf6 3. Nf3 d5 4. cxd5 exd5 5. d4 c6 6. Bg5 Bf5 7. g3 Be7 8. Bg2 Ne4 9. Bxe7 Qxe7 10. Nh4 Nxc3 11. Nxf5 Nxd1 12. Nxe7 Nxf2 13. Nxd5 Nxh1 14. Nc7+ Kd7 15. Nxa8 Nxg3 16. hxg3 Na6 17. 0-0-0 Rxa8 18. d5 c5 19. e4 Re8 20. Re1 Kd6 21. Kd2 Re5 22. Rf1 f6 23. g4 Rg5 24. Bf3 Re5 25. a3 Nc7 26. Kd3 Re7 27. Re1 Ne8 28. Rh1 g6 29. b3 Ke5 30. Ke3 Nd6 31. Rg1 Rc7 32. Be2 Nxe4 33. Bf3 Nc3 34. Re1 Kd6 35. Kf2 Re7 36. Rc1 Nxd5 37. Rd1 Re5 38. b4 cxb4 39. axb4 h5 40. gxh5 gxh5 41. Rd2 b6 42. Kg3 Ke6 43. Kh4 Nxb4 44. Bxh5 a5 45. Be2 Re4+ 46. Kg3 a4 47. Rb2 a3 0-1

[Event "Luxembourg-chT 9798"]
[Site "Luxembourg"]
[Date "1997.12.14"]
[Round "4"]
[White "Ramdedovic, Delija"]
[Black "Geiben, Claude"]
[Result "0-1"]
[WhiteElo "1805"]
[BlackElo "1960"]
[PlyCount "110"]
[EventDate "1997.10.??"]
[EventType "team"]
[EventRounds "10"]
[EventCountry "LUX"]
[SourceTitle "EXT 2005"]
[Source "ChessBase"]
[SourceDate "2004.11.15"]
[SourceVersion "1"]
[SourceVersionDate "2004.11.15"]
[SourceQuality "1"]

1. e4 e6 2. d4 d5 3. e5 c5 4. c3 Nc6 5. Nf3 cxd4 6. cxd4 f6 7. a3 fxe5 8. Nxe5 Nxe5 9. dxe5 Bc5 10. b4 Bb6 11. Bb5+ Bd7 12. Bxd7+ Qxd7 13. Qh5+ g6 14. Qg5 Ne7 15. 0-0 0-0 16. Bb2 Rf5 17. Qg3 Raf8 18. Qd3 Rxf2 19. Rxf2 Bxf2+ 20. Kh1 Bb6 21. Nd2 Nf5 22. Nf3 Qe7 23. Bc1 Rc8 24. Bg5 Qd7 25. g4 Ne7 26. Rf1 Rc4 27. h3 a5 28. Bh6 Rc8 29. bxa5 Bxa5 30. Ng5 d4 31. Qf3 Qc6 32. Ne4 Nf5 33. gxf5 exf5 34. Nf6+ Kf7 35. Nxh7 Qxf3+ 36. Rxf3 Rh8 37. Rb3 b6 38. e6+ Kxe6 39. Ng5+ Kf6 40. Ne6 Kxe6 41. Bg7 Rh4 42. Kg2 Kd5 43. Rg3 Kc4 44. Rxg6 d3 45. Rd6 d2 46. Kg3 Re4 47. Bf6 Re3+ 48. Kf4 Rd3 49. Rc6+ Kb5 50. Rc2 d1Q 51. Rb2+ Kc6 52. h4 Qf3+ 53. Kg5 Qg4+ 54. Kh6 Rg3 55. Rc2+ Kd5 0-1